000 00559nam a2200169Ia 4500
008 240729s9999 xx 000 0 und d
022 _a2783-0888
245 0 _aJournal of Theoretical and Applied Vibration and Acoustics
260 _aIran, Islamic Republic of
260 _bIranian Society of Vibration and Acoustics
650 _a Electrical engineering. Electronics. Nuclear engineering
650 _a Telecommunication
650 _aTechnology
856 _uhttps://doaj.org/toc/cd6d05a873984a5292e1aec8332e17fc
942 _2ddc
942 _cDOAJEJ
999 _c74426
_d74426
945 _a1
_bMadushi Gamage
_c1
_dMadushi Gamage